Southville International School and Colleges
Your cart is empty.
  • Cart
  • Lists
    Public lists Eva Luna New books Lux_list list_1
    Your lists Log in to create your own lists
  • Log in to your account
  • Your cookies
  • Search history
Southville International School and Colleges
  • Advanced search
  • Recent comments
  • Most popular
  • Libraries

Log in to your account

Log in with GOOGLE


If you do not have an external account, but do have a local account, you can still log in:

  1. Home
  2. MARC view: The Cat in the hat comes back! /
Normal view MARC view ISBD view

The Cat in the hat comes back! / (Record no. 306456)

[ view plain ]
MARC details
000 -LEADER
fixed length control field 00793nam a2200301Ia 4500
008 - FIXED-LENGTH DATA ELEMENTS--GENERAL INFORMATION
fixed length control field 170203s9999 xx 000 0 und d
020 ## - INTERNATIONAL STANDARD BOOK NUMBER
International Standard Book Number 0-394800028
050 ## - LIBRARY OF CONGRESS CALL NUMBER
Classification number Fic
050 ## - LIBRARY OF CONGRESS CALL NUMBER
Item number Se496t
100 ## - MAIN ENTRY--PERSONAL NAME
Personal name Seuss, Dr.
245 #4 - TITLE STATEMENT
Title The Cat in the hat comes back! /
245 ## - TITLE STATEMENT
Statement of responsibility, etc by Dr. Seuss [pseudonym].
260 ## - PUBLICATION, DISTRIBUTION, ETC. (IMPRINT)
Place of publication, distribution, etc New York : Beginner Books :
260 ## - PUBLICATION, DISTRIBUTION, ETC. (IMPRINT)
Name of publisher, distributor, etc Distributed by Random House,
260 ## - PUBLICATION, DISTRIBUTION, ETC. (IMPRINT)
Date of publication, distribution, etc ©1958.
300 ## - PHYSICAL DESCRIPTION
Extent 61 pages :
300 ## - PHYSICAL DESCRIPTION
Other physical details color illustrations ;
300 ## - PHYSICAL DESCRIPTION
Dimensions 24 cm.
440 ## - SERIES STATEMENT/ADDED ENTRY--TITLE
Title I can read it all by myself.
650 ## - SUBJECT ADDED ENTRY--TOPICAL TERM
Topical term or geographic name as entry element Cats --
650 ## - SUBJECT ADDED ENTRY--TOPICAL TERM
Topical term or geographic name as entry element Cleaning --
650 ## - SUBJECT ADDED ENTRY--TOPICAL TERM
Topical term or geographic name as entry element Snow removal --
650 ## - SUBJECT ADDED ENTRY--TOPICAL TERM
Topical term or geographic name as entry element Wit and humor,
650 ## - SUBJECT ADDED ENTRY--TOPICAL TERM
General subdivision Juvenile poetry.
650 ## - SUBJECT ADDED ENTRY--TOPICAL TERM
General subdivision Juvenile poetry.
650 ## - SUBJECT ADDED ENTRY--TOPICAL TERM
General subdivision Juvenile poetry.
650 ## - SUBJECT ADDED ENTRY--TOPICAL TERM
General subdivision Juvenile.
Holdings
Withdrawn status Lost status Damaged status Home library Current library Shelving location Date acquired Total Checkouts Full call number Barcode Date last seen Price effective from Koha item type
      Stonyhurst Southville International School (Batangas) Stonyhurst Southville International School (Batangas)   02/03/2017   Fic .Se496t 1958 LS-0721 02/03/2017 02/03/2017 Books

The Cat in the hat comes back! /

APA

Seuss D., .The Cat in the hat comes back!. New York : Beginner Books: .

Chicago

Seuss Dr, .The Cat in the hat comes back!. New York : Beginner Books: .

Harvard

Seuss D., .The Cat in the hat comes back!. New York : Beginner Books: .

MLA

Seuss Dr, .New York : Beginner Books: . .

  • Place hold
  • Print
  • Cite
  • Add to your cart (remove)
  • Save record
    BIBTEX Dublin Core MARCXML MARC (non-Unicode/MARC-8) MARC (Unicode/UTF-8) MARC (Unicode/UTF-8, Standard) MODS (XML) RIS
  • More searches
    Search for this title in:
    Other Libraries (WorldCat) Other Databases (Google Scholar) Online Stores (Bookfinder.com) Open Library (openlibrary.org)

Exporting to Dublin Core...

SOUTHVILLE LIBRARY

Southville International School and Colleges Library

1281 Tropical Ave. Cor. Luxembourg St., BF Homes International, Las Pinas City

Tel. No. 8256374 / 252358 Loc. 117/146

Powered by Koha